|
|
|
|
| LEADER |
00000cam a2200000 7i4500 |
| 001 |
0000081968 |
| 005 |
20190113.0 |
| 008 |
190113 |
| 020 |
|
|
|a 9789670411224
|
| 041 |
0 |
|
|a Malay
|
| 090 |
0 |
0 |
|a AIN
|b MAL
|
| 100 |
0 |
|
|a Ain Maisarah
|
| 245 |
0 |
0 |
|a Hero Vs Pengemis Gedik
|c Ain Maisarah, Azanil Fitri
|
| 260 |
|
|
|a Selangor :
|b Blink Book Sdn. Bhd. ,
|c 2016
|
| 300 |
|
|
|a 230p. :
|b ill. ;
|c 18.9cm.
|
| 490 |
0 |
|
|a Siri hero Sri Bangsar
|
| 500 |
|
|
|a Teenager ages 13-18 years old (blue)
|
| 541 |
0 |
0 |
|c Purchased on 2018
|
| 541 |
0 |
0 |
|f 2018/9 NTR
|h RM17.00
|
| 650 |
|
0 |
|a Malay fiction
|x Teenagers
|
| 700 |
0 |
|
|a Azanil Fitri
|
| 999 |
|
|
|a 0001527954
|b Book
|c Teenagers
|e Cawangan Bandar Tenggara
|
| 999 |
|
|
|a 0001527955
|b Book
|c Teenagers
|e Cawangan Sri Merlong
|
| 999 |
|
|
|a 0001527956
|b Book
|c Children Collection
|e Cawangan Taman Sri Lambak
|
| 999 |
|
|
|a 0001527957
|b Book
|c Teenagers
|e Cawangan Segamat
|
| 999 |
|
|
|a 0001527958
|b Book
|c Teenagers
|e Cawangan Taman Universiti
|
| 999 |
|
|
|a 0001527960
|b Book
|c Children Collection
|e Cawangan Batu Pahat
|
| 999 |
|
|
|a 0001527961
|b Book
|c Teenagers
|e Cawangan Kota Tinggi
|
| 999 |
|
|
|a 0001527962
|b Book
|c Teenagers
|e Cawangan Pontian
|
| 999 |
|
|
|a 0001527964
|b Book
|c Children Collection
|e Cawangan Bandar Penawar
|
| 999 |
|
|
|a 0001527965
|b Book
|c Teenagers
|e Cawangan Tmn. Ungku Tun Aminah
|
| 999 |
|
|
|a 0001527966
|b Book
|c Teenagers
|e Cawangan Mersing
|
| 999 |
|
|
|a 0001527967
|b Book
|c Teenagers
|e Cawangan Bukit Gambir
|
| 999 |
|
|
|a 0001528916
|b Book
|c Teenagers
|e Perbadanan Perpustakaan Awam Johor
|
| 999 |
|
|
|a 0001528917
|b Book
|c Teenagers
|e Cawangan Urban Transformation Centre
|
| 999 |
|
|
|a 0001528918
|b Book
|c Teenagers
|e Cawangan AEON Kulaijaya
|